| 000 | 00655nam a2200217 i 4500 | ||
|---|---|---|---|
| 001 | 113565 | ||
| 003 | ES-MaACL | ||
| 005 | 20250826053621.0 | ||
| 007 | t| | ||
| 008 | 061121s1914 fr |||| | fre d | ||
| 100 | 1 |
_aPalante, Georges. _988471 |
|
| 245 | 1 | 0 |
_aPessimisme et individualisme / _cpar G. Palante. |
| 260 |
_aParis : _bFélix Alcan, _c1914. |
||
| 300 |
_aVI, 166 p. ; _c19 cm. |
||
| 490 | 1 | _aBibliotheque de philosophie contemporaine | |
| 650 | 7 |
_aPesimismo _2embne _9170652 |
|
| 650 | 0 | 4 |
_aIndividualismo. _913708 |
| 830 | 0 |
_aBibliotheque de philosophie contemporaine _9181027 |
|
| 852 |
_aES-MaACL _jF-11624 |
||
| 999 |
_c113565 _d113565 |
||